|
|
|
|
| LEADER |
00000cam a2200000 c 4500 |
| 001 |
042788420 |
| 003 |
DE-627 |
| 005 |
20251129020344.0 |
| 007 |
tu |
| 008 |
950803s1992 gw ||||| 00| ||ger c |
| 015 |
|
|
|a 92,N07,0186
|2 dnb
|
| 016 |
7 |
|
|a 920047416
|2 DE-101
|
| 020 |
|
|
|a 3455084354
|9 3-455-08435-4
|
| 035 |
|
|
|a (DE-627)042788420
|
| 035 |
|
|
|a (DE-576)028147871
|
| 035 |
|
|
|a (DE-599)GBV042788420
|
| 035 |
|
|
|a (OCoLC)27431311
|
| 035 |
|
|
|a (OCoLC)27431311
|
| 040 |
|
|
|a DE-627
|b ger
|c DE-627
|e rakwb
|
| 041 |
|
|
|a ger
|
| 044 |
|
|
|c XA-DE
|
| 050 |
|
0 |
|a HV8210.5.A3
|
| 082 |
0 |
4 |
|a 16
|q dnb
|
| 084 |
|
|
|a Emp 8
|2 asb
|
| 084 |
|
|
|a Gll
|2 asb
|
| 084 |
|
|
|a POL 370
|a WI 206
|2 sfb
|
| 084 |
|
|
|a 17
|2 sdnb
|
| 084 |
|
|
|a 17
|a 16
|a 65
|a 63
|2 sdnb
|
| 084 |
|
|
|a 3,6
|2 ssgn
|
| 084 |
|
|
|a ML 3800
|2 rvk
|0 (DE-625)rvk/123170:
|
| 100 |
1 |
|
|a Koch, Egmont R.
|d 1950-
|0 (DE-588)123280370
|0 (DE-627)060251611
|0 (DE-576)161762190
|4 aut
|
| 109 |
|
|
|a Koch, Egmont R. 1950-
|a Koch, Engmont R. 1950-
|a Aigemengte-R-Keqi 1950-
|a Keqi, Aigemengte-R 1950-
|
| 245 |
1 |
4 |
|a Das geheime Kartell
|b BND, Schalck, Stasi & Co.
|c Egmont R. Koch. Unter Mitarb. von Thomas Scheuer
|
| 250 |
|
|
|a 1. Aufl.
|
| 264 |
|
1 |
|a Hamburg
|b Hoffmann und Campe
|c 1992
|
| 300 |
|
|
|a 303 S
|b Ill
|
| 336 |
|
|
|a Text
|b txt
|2 rdacontent
|
| 337 |
|
|
|a ohne Hilfsmittel zu benutzen
|b n
|2 rdamedia
|
| 338 |
|
|
|a Band
|b nc
|2 rdacarrier
|
| 583 |
1 |
|
|a Archivierung/Langzeitarchivierung gewährleistet
|f SLG
|x XA-DE-BW
|z BfZ
|2 pdager
|5 DE-24
|
| 583 |
1 |
|
|a Archivierung prüfen
|c 20240324
|f DE-4165
|z 1
|2 pdager
|
| 610 |
2 |
7 |
|0 (DE-588)2065138-7
|0 (DE-627)103545409
|0 (DE-576)192104578
|a Deutschland
|g DDR
|b Ministerium für Staatssicherheit
|2 gnd
|
| 610 |
2 |
4 |
|a Deutschland <DDR>
|
| 650 |
0 |
7 |
|0 (DE-588)4027068-3
|0 (DE-627)106286188
|0 (DE-576)208969047
|a Innerdeutsche Beziehungen
|2 gnd
|
| 650 |
|
4 |
|a Deutschland
|
| 650 |
|
4 |
|a Bundesnachrichtendienst
|
| 650 |
|
4 |
|a Deutschland <DDR> - Ministerium für Staatssicherheit
|
| 651 |
|
4 |
|a Deutschland <Bundesrepublik>
|
| 653 |
|
0 |
|a Secret service
|a Germany (East)
|a History
|
| 653 |
|
0 |
|a Secret service
|a Germany (West)
|a History
|
| 653 |
|
0 |
|a Schalck-Golodkowski, Alexander Siegfried
|
| 653 |
|
0 |
|a Germany (East)
|a Ministerium für Staatssicherheit
|a History
|
| 653 |
|
0 |
|a Germany (West)
|a Bundesnachrichtendienst
|a History
|
| 689 |
0 |
0 |
|d b
|0 (DE-588)2122419-5
|0 (DE-627)709178050
|0 (DE-576)194076709
|a Deutschland
|g DDR
|b Ministerium für Staatssicherheit
|b Bereich Kommerzielle Koordinierung
|2 gnd
|
| 689 |
0 |
1 |
|d s
|0 (DE-588)4027068-3
|0 (DE-627)106286188
|0 (DE-576)208969047
|a Innerdeutsche Beziehungen
|2 gnd
|
| 689 |
0 |
|
|5 DE-101
|
| 689 |
1 |
0 |
|d b
|0 (DE-588)2065138-7
|0 (DE-627)103545409
|0 (DE-576)192104578
|a Deutschland
|g DDR
|b Ministerium für Staatssicherheit
|2 gnd
|
| 689 |
1 |
|
|5 (DE-627)
|
| 856 |
4 |
2 |
|u http://www.gbv.de/dms/hbz/toc/ht004173042.PDF
|m V:DE-605
|v 2008-11-15
|x Verlag
|y Inhaltsverzeichnis
|3 Inhaltsverzeichnis
|7 1
|
| 889 |
|
|
|w (DE-627)019762712
|
| 935 |
|
|
|i mdedup
|
| 936 |
r |
v |
|a ML 3800
|b Bundesrepublik Deutschland
|k Politologie
|k Die Außenpolitik einzelner Länder
|k Außenpolitische Probleme in Europa und der westlichen Welt
|k Außenpolitik der DDR (1949-1990)
|k Beziehungen zu einzelnen Staaten
|k Bundesrepublik Deutschland
|0 (DE-627)1271678829
|0 (DE-625)rvk/123170:
|0 (DE-576)201678829
|
| 951 |
|
|
|a BO
|
| ELC |
|
|
|b 1
|
| LOK |
|
|
|0 000 xxxxxcx a22 zn 4500
|
| LOK |
|
|
|0 001 3116227691
|
| LOK |
|
|
|0 003 DE-627
|
| LOK |
|
|
|0 004 042788420
|
| LOK |
|
|
|0 005 20020607000000
|
| LOK |
|
|
|0 008 930406||||||||||||||||ger|||||||
|
| LOK |
|
|
|0 040
|a DE-21-110
|c DE-627
|d DE-21-110
|
| LOK |
|
|
|0 852
|a DE-21-110
|
| LOK |
|
|
|0 852 1
|c B XVIII 165
|m p
|9 00
|
| LOK |
|
|
|0 935
|a k110
|
| LOK |
|
|
|0 936ln
|a 7.2.5
|
| LOK |
|
|
|0 938
|k p
|
| LOK |
|
|
|0 939
|a 06-04-93
|b l01
|
| ORI |
|
|
|a SA-MARC-krimdoka001.raw
|
| SIG |
|
|
|a IFK: B XVIII 165
|
| TIM |
|
|
|a 100019450101_100019901231
|b Innerdeutsche Beziehungen 1945-1990
|